|
|
|
|
| LEADER |
00000ny a22000003n 4500 |
| 005 |
20110525132653.0 |
| 008 |
080619s2003 sp s 000 0 spa c |
| 035 |
|
|
|a 356
|
| 040 |
|
|
|a UMA.RE
|d vLex
|
| 080 |
|
|
|a 343.13(460)(0.034)
|
| 090 |
|
|
|c 282
|d 282
|
| 245 |
0 |
3 |
|a La reforma del Proceso Penal
|h [Recurso electrn̤ico]
|b Comentarios al Procedimiento Abreviado, Juicios Rapidos y Juicios de Faltas /
|c Manuel Miranda Estrampes ... [et al.]
|
| 256 |
|
|
|a Servicio en ln̕ea
|
| 260 |
|
|
|a [Barcelona] :
|b Bosch,
|c 2003
|
| 506 |
1 |
|
|a Contenido solo disponible en los productos indicados
|d vLex Global
|d vLex Global (Academic Edition, excluding Law Schools)
|d vLex Global (U.S. Academic Edition, Law Schools)
|d vLex Global (U.S. Academic Edition, excluding Law Schools)
|d vLex Global (Academic Edition, Law Schools)
|
| 650 |
0 |
4 |
|a Ley de enjuiciamiento criminal
|2 Tesauro vLex
|
| 650 |
0 |
4 |
|a Procesal
|2 Tesauro vLex
|
| 650 |
0 |
4 |
|a Proceso penal
|2 Tesauro vLex
|
| 650 |
0 |
4 |
|2 Tesauro vLex
|a Juicio penal abreviado
|
| 650 |
0 |
4 |
|2 Tesauro vLex
|a Juicio de faltas
|
| 700 |
1 |
|
|a Miranda Estrampes, Manuel
|
| 740 |
0 |
|
|a vLex Libros (Servicios en ln̕ea)
|
| 856 |
4 |
0 |
|u http://vlex.com/source/reforma-proceso-penal-356
|z Acceso restringido
|
| 942 |
|
|
|c BOOK
|
| 999 |
0 |
|
|a Criminal Law
|b Barcelona
|